|
|
|
|
| LEADER |
00760nam a2200157Ia 4500 |
| 001 |
49233 |
| 008 |
170722s9999 xx 000 0 und d |
| 100 |
|
|
|a Pant, Sumitranandan
|
| 245 |
|
|
|a Gramya /
|
| 260 |
|
|
|c 1965.
|
| 942 |
|
|
|c GEN
|
| 999 |
|
|
|c 39331
|d 39331
|
| 952 |
|
|
|0 0
|1 0
|4 0
|6 O_1521NOOX_H0H03
|7 0
|8 CR
|9 53130
|a LIB
|b LIB
|d 2017-08-12
|h CR
|o O152,1NOOx H0-H0;3
|p 36889
|r 2017-08-12
|w 2017-08-12
|y GEN
|
| 952 |
|
|
|0 1
|1 0
|4 0
|6 O_1521NOOX_H0H03
|7 0
|9 53131
|a LIB
|b LIB
|d 2017-08-12
|o O152,1NOOx H0-H0;3
|p 117863
|r 2017-08-12
|w 2017-08-12
|y GEN
|
| 952 |
|
|
|0 0
|1 0
|4 0
|6 O_1521NOOX_H0H03
|7 0
|9 53132
|a LIB
|b LIB
|d 2017-08-12
|o O152,1NOOx H0-H0;3
|p 117864
|r 2017-08-12
|w 2017-08-12
|y GEN
|
| 952 |
|
|
|0 0
|1 0
|4 0
|6 O_1521NOOX_H0H03
|7 0
|9 53133
|a LIB
|b LIB
|d 2017-08-12
|o O152,1NOOx H0-H0;3
|p 133945
|r 2017-08-12
|w 2017-08-12
|y GEN
|